Quelles sont les plus grosses pertes de l'histoire de l'OL - Statistiques

Statistiques générales
  • Ce quiz a été pris 15 fois
  • Le résultat moyen est 6 sur 20
Statistiques - réponses
Montant arrivée Montant départ Total Club rejoint Réponse % Correct
25M€ 0€ -25M€ Molenbeek Jeff Reine Adelaide
58%
16,5M€ 1,5M€ -15M€ Abha Karl Toko Ekambi
58%
13M€ 0€ -13M€ Swansea City Bafetimbi Gomis
50%
24M€ 7,2M€ -16,8M€ SC Internacional Lisandro Lopez
50%
16M€ 0€ -16M€ Barcelone Memphis Depay
50%
22M€ 0€ -22M€ Stade Rennais Yoann Gourcuff
50%
19M€ 0€ -19M€ Villareal Sonny Anderson
42%
16,2M€ 6M€ -10,2M€ FC Valencia Aly Cissokho
33%
14,9M€ 0€ -14,9M€ Lazio Rome Ederson
33%
10M€ 0€ -10M€ Shabab Al-Ahli Jason Denayer
33%
18M€ 4M€ -14M€ Al-Ain Michel Bastos
33%
22M€ 0€ -22M€ Al-Etiffaq Moussa Dembele
33%
16,8M€ 7,5M€ -9,3M€ Galatasaray Abdul Kader Keita
25%
9M€ 0€ -9M€ Molenbeek Youssouf Kone
25%
9,4M€ 0€ -9,4M€ Pause carrière Mapou Yanga-Mbiwa
17%
22M€ 4,2M€ -17,8M€ Al-Rayyan Thiago Mendes
17%
12M€ 0€ -12M€ Nantes Tino Kadewere
17%
12M€ 3M€ -9M€ RC Lens Eric Carriere
8%
15,6M€ 0€ -15,6M€ Fluminense Fred
0%
10M€ 0€ -10M€ Aris Salonique Pape Cheikh
0%
Aucun quiz correspondant
Distribution des résultats
% des personnes avec chaque résultat
Percentile par nombre de réponses
Votre historique - résultats
Vous n’avez pas pris ce quiz